000 00300nam a2200121Ia 4500
005 20251222153639.0
008 251222s9999||||xx |||||||||||||| ||spa||
082 _a519.72/G27
100 _a"Gass, Saul I."
245 0 _aProgramaciyn lineal: métodos y aplicaciones
250 _a2a.ed.
942 _cLIB
999 _c32658
_d32658